Producción de pobreza y desigualdad en América Latina /

La pobreza y las desigualdades contemporáneas son resultado de la acción de agentes que operan en contextos históricos y estructurales que favorecen su producción y reproducción. En tal sentido, se afirma que tanto la pobreza como la desigualdad son construcciones sociales, resultantes de correlacio...

সম্পূর্ণ বিবরণ

সংরক্ষণ করুন:
গ্রন্থ-পঞ্জীর বিবরন
প্রধান লেখক: Cimadamore, Alberto D.
বিন্যাস: অজ্ঞাত
ভাষা:Spanish
প্রকাশিত: Colombia : CLACSO Coediciones, Siglo del Hombre Editores 2008
মালা:Temas para el diálogo y el debate CLACSO-CROP
বিষয়গুলি:
অনলাইন ব্যবহার করুন:www.claso.org
www.crop.org
www.siglodel hombre.com
ট্যাগগুলো: ট্যাগ যুক্ত করুন
কোনো ট্যাগ নেই, প্রথমজন হিসাবে ট্যাগ করুন!

MARC

LEADER 00000 a2200000 04500
001 41909
003 cru CIDCACS/IIS
005 20230517122427.0
007 ta
008 050630s2008 ck spa d
020 |a 9789586651196  
040 |c cru CIDCACS/IIS 
090 |a 03.02.05 C573p  
100 |a Cimadamore, Alberto D.  
245 |a Producción de pobreza y desigualdad en América Latina /   |c Alberto D. Cimadamore, Antonio David Cattani ; coordinadores  
260 |a Colombia :   |b CLACSO Coediciones, Siglo del Hombre Editores   |c 2008 
300 |a 231 páginas  
440 |a Temas para el diálogo y el debate   |a CLACSO-CROP  
520 |a La pobreza y las desigualdades contemporáneas son resultado de la acción de agentes que operan en contextos históricos y estructurales que favorecen su producción y reproducción. En tal sentido, se afirma que tanto la pobreza como la desigualdad son construcciones sociales, resultantes de correlaciones de fuerza entre las clases y los agentes sociales, que son validadas por los Estados a través de sus políticas sociales y económicas. Este libro profundiza la discusión de estos temas y donde un conjunto de investigadores comenzó a analizar los procesos productores y reproductores de la pobreza en América Latina y el modo en que dicho procesos son teorizados en el pensamiento social latinoamericano.  
590 |a DISEMINAR102011/RRA/NOVIEMBRE2011  
650 |a POBREZA  
650 |a DESIGUALDAD SOCIAL  
650 |a AMERICA LATINA  
650 |a INVESTIGACION  
650 |a TEORIA SOCIAL  
650 |a ESTADO  
650 |a MERCADO  
650 |a NEOLIBERALISMO  
650 |a ANALISIS SOCIOLOGICO  
650 |a 1ANALISIS HISTORICO  
856 |u www.claso.org  
856 |u www.crop.org  
856 |u www.siglodel hombre.com  
942 |2 ddc  |c LI  |h 03.02.05 C573p   |i 07424  |6 030205_C573P_07424 
999 |c 10586  |d 10586